Responses for Show #4972 - Tuesday, April 4, 2006

Michael Falk game 1.

(Alex: The Sesame Street gang will teach us all about nutrition on today's Jeopardy! Right, Oscar?)
(Oscar: Yeah. They'll be wasting their time, too.)

Contestants

[<< previous game]

Lizard Hogge, a welder originally from Anderson, Indiana

Michael Falk, a meteorologist from Milwaukee, Wisconsin

Craig Mobley, a switchboard manager from Albuquerque, New Mexico (whose 2-day cash winnings total $16,199)

[next game >>]

Jeopardy! Round responses

THE DAYS OF WORLD WAR II
GEOGRAPHIC CINEMA
CHICK LIT
SESAME STREET EATS
WHO'S CRYING NOW?
"S"PAÑOL
(Alex: Each response will be a Spanish word that starts with the letter S.)
    $200 2
Canada

Michael
    $200 11
Amityville

Craig
    $200 26
Pride and Prejudice

Craig
    $200 21
ascorbic acid

Lizard
    $200 16
Broadcast News

Craig
    $200 1
salsa

Michael
    $400 3
the Bismarck

Lizard
    $400 12
St. Louis

Lizard
    $400 27
a Shopaholic

Triple Stumper
    $400 22
anchovies

Michael
    $400 17
King Lear

Craig
    $400 7
señorita

Michael
    $600 4
(Michael: Who is Hitler?)

Mussolini

CraigMichael
    $600 13
(Lizard: What is the U.S.A.?)
(Craig: What is St. Louis?)
...
(Alex: A takeoff on "Born In The U.S.A.")

East L.A.

CraigLizard
Triple Stumper
    $600 28
a Bridesmaid

Michael
    $600 23
orange

Michael
    $600 18
Old Yeller

Lizard
    $600 8
sierra

Michael
    $800 5
the Battle of the Bulge

Michael
    $800 14
New York

Craig
    $800 29
Al Gore

Triple Stumper
    $800 24
(Michael: What is potassium?)

protein

Michael
Triple Stumper
    $800 19
[Alex reads "N.H." as "New Hampshire".]
(Craig: Who is McGovern?)

Senator Edmund Muskie

Craig
Triple Stumper
    $1,000 9
(Michael: What is siempre?)

salud

Michael
    $1000 6
August

Michael
    $1000 15
Campobello

Lizard
    $1000 30
Sex and the City

Lizard
    $1000 25
(Michael: [Selecting the next clue] CHICK LIT--)
[The audience applauds.]
(Alex: Oh, applause for the Sesame Street characters! Less than a minute to go now, Michael.)

fiber

Michael
    $1000 20
(Michael: Who is Martz?)

Dick Vermeil

Michael
Triple Stumper
    $1000 10
salida

Michael

Scores at the first commercial break (after clue 15):

Craig Michael Lizard
$1,000 $2,600 $1,200

Scores at the end of the Jeopardy! Round:

Craig Michael Lizard
$1,000 $3,400 $3,000

Double Jeopardy! Round responses

"M"EDICINE
GETTING ATTACHED
OPERA
LAYING THINGS N TO N
(Alex: Correct responses will begin and end with that letter of the alphabet.)
HOORAY FOR CAPTAIN SPAULDING!
THE AFRICAN EXPLORER
    $400 6
mumps

Michael
    $400 11
a bracelet

Lizard
    $400 1
swan

Craig
    $400 16
Nation

Lizard
    $400 26
(Alex: The show and the film were called [*]--in my soup. No.)

Animal Crackers

Triple Stumper
    $400 21
Stanley

Lizard
    $800 7
malaria

Lizard
    $800 12
a pommel

Lizard
    $800 2
Puccini

Craig
    $800 17
nickelodeon

Lizard
    $800 27
You Bet Your Life

Michael
    $800 22
a gorilla

Lizard
    $1200 8
macular

Michael
    $1200 13
(Lizard: What is a tendon?)

a ligament

MichaelLizard
    $1200 3
Falstaff

Craig
    $7,000 18
(Alex: You trail Michael by $4,800.)
(Lizard: I'd like to shoot the wad, Alex.)
(Alex: The whole thing?)
(Lizard: Yes, sir.)

niacin

Lizard
    $1200 28
a pith helmet

Lizard
    $1200 23
(Lizard: What is Kilimanjaro?)

Mount Kenya

Lizard
Triple Stumper
    $1600 9
(Craig: What is medulla?)
(Alex: Be more specific.)
(Craig: Hmm.)
...
(Alex: We needed both parts.)

medulla oblongata

CraigMichael
    $1600 14
(Michael: What is a bow tie?)

a clip-on tie

Michael
Triple Stumper
    $1600 4
Don Giovanni

Michael
    $1600 19
Northwestern

Michael
    $1600 29
(Alex: Trying to track down a stolen [*].)

painting

Triple Stumper
    $1600 24
Henry the Navigator

Lizard
    $2000 10
mitral (valve)

Lizard
    $2000 15
spirit gum

Michael
    $2,000 5
(Alex: [*], Beethoven, yes.)

Fidelio

Michael
    $2000 20
(Alex: Well, we had Northwestern. Now we have [*] University--starts and ends with an "N".)

Northeastern

Triple Stumper
    $2000 30
(Alex: At that time it was [*], hence the [*] Code.)

the Hays Office

Triple Stumper
    $2000 25
(Alex: [*] is right, with a minute to go.)

the Niger

Michael

Scores at the end of the Double Jeopardy! Round:

Craig Michael Lizard
$1,800 $16,200 $16,800

[wagering suggestions for these scores]

Final Jeopardy! Round responses

GERMAN AMERICANS
[Alex reads the quotation part of the clue with an accent.]
...
(Alex: Let's go to Michael. We had Haldeman, we had Ehrlichman, we had [*]. Did you get the right one? Yes, you did; well done. Your wager? $1,201. Interesting, $17,401. Lizard?)
[Lizard shakes his head.]
(Alex: Oh, shaking his head. Why is that? Picked Einstein instead, and it'll cost you how much? Wow, it would have been such a big payday. $13,200--drops you to $3,600, but a big payday for Michael Falk; $17,401. He'll get to come back and play again right here on Jeopardy! So long.)
[ZergCam]
[Alex signs off with Elmo.]
(Alex: Today's episode was brought to you by the letter "J.")
(Elmo: Oh, Elmo knows what starts with "J.")
(Alex: "J" is for Jeopardy!)
[blooper reel]
CraigWho is Henry Kissinger?
$1,800
MichaelWho is Kissinger?
$1,201
LizardWho is Einstien?
$13,200
Henry Kissinger

Final scores:

Craig Michael Lizard
$3,600 $17,401 $3,600
3rd place: $1,000 New champion: $17,401 2nd place: $2,000

Game dynamics:

Coryat scores:

Craig Michael Lizard
$1,800 $17,200 $11,000
9 R,
3 W
21 R
(including 1 DD),
5 W
(including 1 DD)
17 R
(including 1 DD),
3 W

Combined Coryat: $30,000

[game clues] [game scores] [suggest correction]

Game tape date: 2006-03-08
The J! Archive is created by fans, for fans. Scraping, republication, monetization, and malicious use prohibited; this site may use cookies and collect identifying information. See terms. The Jeopardy! game show and all elements thereof, including but not limited to copyright and trademark thereto, are the property of Jeopardy Productions, Inc. and are protected under law. This website is not affiliated with, sponsored by, or operated by Jeopardy Productions, Inc. Join the discussion at JBoard.tv.